Estadísticas para ¿Puedes escribir todas las capitales de los estados de México?

Haz click aquí para intentar la prueba.

Estadísticas generales

  • Esta prueba ha sido intentada 17 veces
    (10 desde el último reinicio)
  • La puntuación promedio es 26 de 31

Estadísticas de respuestas

EstadoCapital% Correcto
JaliscoGuadalajara
100%
GuanajuatoGuanajuato
100%
PueblaPuebla / Puebla de Zaragoza
100%
AguascalientesAguascalientes
89%
ChihuahuaChihuahua
89%
ColimaColima
89%
SinaloaCuliacán
89%
DurangoDurango / Victoria de Durango
89%
Baja California SurLa Paz
89%
YucatánMérida
89%
Nuevo LeónMonterrey
89%
OaxacaOaxaca / Oaxaca de Juárez
89%
QuéretaroQuéretaro / Santiago de Quéretaro
89%
San Luis PotosíSan Luis Potosí
89%
TlaxcalaTlaxcala / Tlaxcala de Xicohténcatl
89%
ZacatecasZacatecas
89%
TamaulipasCiudad Victoria
78%
MorelosCuernavaca
78%
Michoacán de Ocampo
Morelia
78%
SonoraHermosillo
78%
Baja CaliforniaMexicali
78%
HidalgoPachuca / Pachuca de Soto
78%
Coahuila de ZaragozaSaltillo
78%
Estado de MéxicoToluca / Toluca de Lerdo
78%
ChiapasTuxtla Gutiérrez
78%
CampecheCampeche / San Francisco de Campeche
67%
Quintana RooChetumal
67%
GuerreroChilpancingo
67%
NayaritTepic
67%
TabascoVillahermosa
67%
VeracruzXalapa / Xalapa-Enríquez
67%

Distribución de puntuación

Porcentaje por número respondido

Porcentaje de gente con cada puntuación

Historial de tus puntuaciones

No has intentado esta prueba desde el último reinicio